| 000 | 00563nam a22001937a 4500 | ||
|---|---|---|---|
| 003 | 0 | ||
| 005 | 20250107143925.0 | ||
| 008 | 250107b xxu||||| |||| 00| 0 eng d | ||
| 020 | _a9798891610149 | ||
| 050 |
_aG 550 _b.B73 2024 |
||
| 100 |
_aBrennan, Nasir _eauthor. |
||
| 245 |
_aCruise tourism / _cNasir Brennan. |
||
| 260 |
_aJersey City, USA : _bAlexis Press, LLC, _c2024. |
||
| 300 |
_ax, 307 p. : _bcol. ill. ; _c27 cm. |
||
| 504 | _aIncludes bibliographical references and index. | ||
| 650 | _aOcean travel. | ||
| 650 | _aCruise lines. | ||
| 942 |
_2lcc _cBK |
||
| 999 |
_c366915 _d366915 |
||